[Event "Pocos de Caldas op"]
[Site "Pocos de Caldas"]
[Date "2015.03.13"]
[Round "2"]
[White "Gauche, Joao Gabriel N Silv"]
[Black "Silva, Sergio"]
[Result "0-1"]
[WhiteElo "1659"]
[BlackElo "2093"]
[PlyCount "92"]
[EventDate "2015.03.13"]
[EventType "swiss"]
[EventRounds "6"]
[EventCountry "BRA"]
[SourceTitle "CBM 165 Extra"]
[Source "ChessBase"]
[SourceDate "2015.04.21"]
[SourceVersion "1"]
[SourceVersionDate "2015.04.21"]
[SourceQuality "1"]

1. d4 Nf6 2. c4 c5 3. Nf3 g6 4. g3 Bg7 5. Bg2 0-0 6. 0-0 cxd4 7. Nxd4 Qa5 8. Nc3 Nc6 9. Nxc6 bxc6 10. Qa4 Qxa4 11. Nxa4 Ba6 12. b3 Ne4 13. Bb2 Bxb2 14. Nxb2 Nf6 15. Rfd1 Rac8 16. Nd3 c5 17. Nf4 d6 18. Nd5 Nxd5 19. Bxd5 Rb8 20. Rd2 Bc8 21. Rad1 Rb6 22. Be4 Be6 23. f3 a5 24. Rb1 Rfb8 25. Bd5 Bf5 26. Rbb2 a4 27. Be4 Bxe4 28. fxe4 axb3 29. axb3 Rxb3 30. Rbc2 Re3 31. Rd3 Rxe4 32. Kf2 Rb4 33. Rdc3 Kg7 34. Kf3 f5 35. h3 Kf6 36. g4 Ke5 37. e3 Rb1 38. Rf2 Rh1 39. Kg2 Re1 40. Kf3 f4 41. exf4+ Rxf4+ 42. Kg3 Rg1+ 43. Rg2 Rxg2+ 44. Kxg2 Kd4 45. Rc1 Rf7 46. Kg3 g5 0-1

[Event "Batatais op 2nd"]
[Site "Batatais"]
[Date "2015.01.17"]
[Round "1"]
[White "Cappato, Kaiene Lourenco"]
[Black "Silva, Sergio"]
[Result "0-1"]
[WhiteElo "1607"]
[BlackElo "2097"]
[PlyCount "116"]
[EventDate "2015.01.17"]
[EventType "swiss"]
[EventRounds "5"]
[EventCountry "BRA"]
[SourceTitle "CBM 164 Extra"]
[Source "ChessBase"]
[SourceDate "2015.03.02"]
[SourceVersion "1"]
[SourceVersionDate "2015.03.02"]
[SourceQuality "1"]

1. d4 Nf6 2. Nf3 c5 3. c3 d5 4. Bg5 Ne4 5. dxc5 Nxg5 6. Nxg5 e6 7. Nf3 Bxc5 8. e3 Nc6 9. Be2 0-0 10. 0-0 e5 11. Nbd2 Be6 12. e4 Qe7 13. exd5 Bxd5 14. Bc4 Rad8 15. Qe2 Rfe8 16. Bxd5 Rxd5 17. Qe4 Qd7 18. Nc4 f5 19. Qh4 b5 20. Ne3 Bxe3 21. fxe3 a6 22. Ng5 h6 23. Nf3 Qa7 24. Rae1 Rd3 25. Qf2 Rf8 26. Nh4 Ne7 27. Nf3 Qc5 28. Qe2 Rfd8 29. Kh1 g6 30. h4 Kg7 31. e4 f4 32. Qf2 Qd6 33. g4 Ng8 34. Rg1 Qe6 35. Qg2 R8d7 36. a3 Ne7 37. Re2 Nc6 38. Qf2 Na5 39. Nd2 Rh3+ 40. Kg2 Qxg4+ 41. Kf1 Qxh4 42. Qxh4 Rxh4 43. Nf3 Rh5 44. Reg2 Rd1+ 45. Ke2 Rxg1 46. Rxg1 Nc4 47. Rb1 Ne3 48. b3 Rh3 49. Nxe5 Rh2+ 50. Kf3 g5 51. c4 Kf6 52. Ng4+ Nxg4 53. Kxg4 h5+ 54. Kf3 Ke5 55. Rg1 g4+ 56. Rxg4 hxg4+ 57. Kxg4 bxc4 58. bxc4 Rc2 0-1

[Event "Batatais op 2nd"]
[Site "Batatais"]
[Date "2015.01.17"]
[Round "3"]
[White "Pastana, Rafael Pedroni"]
[Black "Silva, Sergio"]
[Result "1/2-1/2"]
[WhiteElo "1958"]
[BlackElo "2097"]
[PlyCount "62"]
[EventDate "2015.01.17"]
[EventType "swiss"]
[EventRounds "5"]
[EventCountry "BRA"]
[SourceTitle "CBM 164 Extra"]
[Source "ChessBase"]
[SourceDate "2015.03.02"]
[SourceVersion "1"]
[SourceVersionDate "2015.03.02"]
[SourceQuality "1"]

1. d4 Nf6 2. c4 c5 3. d5 b5 4. cxb5 a6 5. b6 d6 6. Nc3 Qxb6 7. a4 g6 8. Nf3 Bg7 9. e4 0-0 10. Be2 Nbd7 11. 0-0 Rb8 12. Nd2 Qc7 13. a5 Qb7 14. Nc4 Ne8 15. Na4 Nc7 16. Nab6 Na8 17. Na4 Ne5 18. Ncb6 Nxb6 19. Nxb6 Nd7 20. Nc4 Qb3 21. Ra3 Qxd1 22. Rxd1 Rd8 23. Rdd3 Nf6 24. Rab3 Rb4 25. Bd2 Rxb3 26. Rxb3 Nxe4 27. Rb8 Rf8 28. Nb6 Nxd2 29. Nxc8 c4 30. Nxe7+ Kh8 31. Rxf8+ Bxf8 1/2-1/2

[Event "Batatais op 3rd"]
[Site "Batatais"]
[Date "2013.12.21"]
[Round "4"]
[White "Batista, Matheus Peres"]
[Black "Silva, Sergio"]
[Result "1-0"]
[WhiteElo "1720"]
[BlackElo "2105"]
[PlyCount "115"]
[EventDate "2013.12.20"]
[EventType "swiss"]
[EventRounds "6"]
[EventCountry "BRA"]
[SourceTitle "CBM 158 Extra"]
[Source "ChessBase"]
[SourceDate "2014.02.28"]
[SourceVersion "1"]
[SourceVersionDate "2014.02.28"]
[SourceQuality "1"]

1. d4 Nf6 2. e3 g6 3. Nf3 Bg7 4. Bd3 0-0 5. b3 d6 6. Bb2 Nbd7 7. 0-0 e5 8. dxe5 Ng4 9. c3 Ngxe5 10. Nxe5 Nxe5 11. Be2 f5 12. Nd2 f4 13. exf4 Rxf4 14. Nf3 Nxf3+ 15. Bxf3 Be5 16. g3 Rf8 17. Bd5+ Kh8 18. Qd2 Bh3 19. Rfe1 c6 20. Bh1 Qc7 21. c4 Bxb2 22. Qxb2+ Qg7 23. Qxg7+ Kxg7 24. Re7+ Rf7 25. Rae1 Kf6 26. Re8 Rxe8 27. Rxe8 g5 28. f3 Bf5 29. Re1 Rd7 30. f4 gxf4 31. gxf4 d5 32. c5 d4 33. Kf2 Bg4 34. Bf3 Bxf3 35. Kxf3 d3 36. Rd1 d2 37. Ke4 a5 38. h4 h5 39. a3 Rd5 40. b4 axb4 41. axb4 Rd7 42. Kf3 Kf5 43. Ke3 Re7+ 44. Kf3 Rd7 45. Ke3 Rd8 46. Kf3 Rd4 47. Ke3 Rd7 48. Kf3 Rd8 49. Ke3 Kg4 50. Ke4 Rd5 51. f5 Kxh4 52. Kf4 Kh3 53. f6 Rd8 54. Ke5 Kg3 55. f7 h4 56. Rxd2 Rf8 57. Ke6 h3 58. Ke7 1-0

[Event "Batatais op 3rd"]
[Site "Batatais"]
[Date "2013.12.20"]
[Round "1"]
[White "Silva, Sergio"]
[Black "Dos Santos, Agildo Silva"]
[Result "1-0"]
[WhiteElo "2105"]
[BlackElo "1620"]
[PlyCount "49"]
[EventDate "2013.12.20"]
[EventType "swiss"]
[EventRounds "6"]
[EventCountry "BRA"]
[SourceTitle "CBM 158 Extra"]
[Source "ChessBase"]
[SourceDate "2014.02.28"]
[SourceVersion "1"]
[SourceVersionDate "2014.02.28"]
[SourceQuality "1"]

1. d4 d5 2. c4 c6 3. Nc3 Nf6 4. e3 Bf5 5. cxd5 Nxd5 6. Nf3 e6 7. Bc4 Nd7 8. 0-0 Be7 9. Qe2 Nxc3 10. bxc3 Be4 11. Nd2 Bg6 12. e4 Qa5 13. Bb2 Nf6 14. Bd3 h5 15. Nc4 Qc7 16. f4 h4 17. a4 0-0-0 18. a5 Nd7 19. Ba3 c5 20. Rab1 Bd6 21. Rb3 Bxf4 22. h3 Nf6 23. e5 Bh2+ 24. Kxh2 Bh5 25. Qb2 1-0

[Event "Sao Sebastiao op"]
[Site "Sao Sebastiao do Paraiso"]
[Date "2013.10.06"]
[Round "6"]
[White "Silva, Sergio"]
[Black "De Oliveira, Francemir Barra"]
[Result "1-0"]
[WhiteElo "2100"]
[BlackElo "1792"]
[PlyCount "87"]
[EventDate "2013.10.04"]
[EventType "swiss"]
[EventRounds "6"]
[EventCountry "BRA"]
[SourceTitle "EXT 2014"]
[Source "ChessBase"]
[SourceDate "2013.11.20"]
[SourceVersion "1"]
[SourceVersionDate "2013.11.20"]
[SourceQuality "1"]

1. d4 e6 2. Nf3 b6 3. g3 Bb7 4. Bg2 Nf6 5. 0-0 Be7 6. c4 d6 7. Nc3 Nbd7 8. d5 e5 9. e4 0-0 10. Ne1 Ne8 11. Nd3 c5 12. f4 f6 13. Bh3 Bc8 14. Be6+ Kh8 15. Qg4 Nc7 16. f5 Nxe6 17. dxe6 Nb8 18. Qh4 Rg8 19. Nd5 Nc6 20. Be3 Ba6 21. Rac1 b5 22. b3 Rb8 23. g4 Nd4 24. Kh1 g5 25. Qh6 Ne2 26. Rc2 Nf4 27. Bxf4 exf4 28. h4 gxh4 29. N3xf4 bxc4 30. Ng6+ Rxg6 31. fxg6 Qg8 32. Nxe7 Qg7 33. Qxg7+ Kxg7 34. bxc4 hxg6 35. Nd5 Bb7 36. Rxf6 Bxd5 37. Rf7+ Kh6 38. exd5 Rb1+ 39. Kg2 Kg5 40. Re2 Kxg4 41. Re4+ Kg5 42. e7 Rb2+ 43. Kh3 Rxa2 44. Rg4+ 1-0

[Event "Altinopolis op 1st"]
[Site "Altinopolis"]
[Date "2012.02.03"]
[Round "2"]
[White "Gardim, Leonardo D'Almada"]
[Black "Silva, Sergio"]
[Result "0-1"]
[WhiteElo "1520"]
[BlackElo "2098"]
[PlyCount "72"]
[EventDate "2012.02.03"]
[EventType "swiss"]
[EventRounds "6"]
[EventCountry "BRA"]
[SourceTitle "CBM 147 Extra"]
[Source "ChessBase"]
[SourceDate "2012.04.24"]
[SourceVersion "1"]
[SourceVersionDate "2012.04.24"]
[SourceQuality "1"]

1. e4 c5 2. Nc3 Nc6 3. f4 g6 4. Nf3 Bg7 5. Bc4 e6 6. 0-0 Nge7 7. e5 d5 8. Bb5 0-0 9. d3 a6 10. Bxc6 Nxc6 11. a3 b5 12. Qe1 Bb7 13. Qg3 Rc8 14. Qh3 Nd4 15. Rf2 Nxf3+ 16. Qxf3 Qd7 17. Nd1 f6 18. exf6 Bxf6 19. Qh3 d4 20. Re2 Rce8 21. Nf2 Qd5 22. Ne4 Be7 23. Bd2 Bc8 24. Rf1 e5 25. Qg3 exf4 26. Rxf4 Rxf4 27. Qxf4 Rf8 28. Qc7 Qd7 29. Bf4 Qg4 30. Qxe7 Qxf4 31. Nd2 Bg4 32. g3 Qf5 33. Qe5 Bxe2 34. Qxe2 Qg5 35. Qe6+ Kg7 36. Ne4 Qc1+ 0-1

[Event "Batatais"]
[Site "Batatais"]
[Date "2012.01.17"]
[Round "9"]
[White "Nery Junior, Jose Antonio"]
[Black "Silva, Sergio"]
[Result "1-0"]
[WhiteElo "2066"]
[BlackElo "2100"]
[PlyCount "91"]
[EventDate "2012.01.13"]
[EventType "tourn"]
[EventRounds "9"]
[EventCountry "BRA"]
[SourceTitle "EXT 2014"]
[Source "ChessBase"]
[SourceDate "2013.11.20"]
[SourceVersion "1"]
[SourceVersionDate "2013.11.20"]
[SourceQuality "1"]

1. e4 c5 2. Nf3 Nc6 3. d4 cxd4 4. Nxd4 Nf6 5. Nc3 e5 6. Nxc6 bxc6 7. Bc4 Bb4 8. Qd3 0-0 9. Bg5 d5 10. exd5 cxd5 11. Bxf6 Qxf6 12. Bxd5 Bf5 13. Qe3 Rad8 14. 0-0-0 Bxc3 15. bxc3 Qa6 16. Qc5 Rc8 17. Qb4 Rb8 18. Qe7 Bg6 19. Bb3 Rfe8 20. Qc5 Rec8 21. Qe7 Re8 22. Qc5 Rec8 23. Qe7 Re8 24. Qd6 Qa5 25. Kb2 Rec8 26. c4 Rd8 27. Qe7 Re8 28. Qa3 Qb6 29. Rd2 e4 30. Qd6 Qa5 31. Rhd1 Qg5 32. Rd5 f5 33. Re5 Rf8 34. c5+ Kh8 35. Re7 Bh5 36. Rd5 h6 37. c6 Qxg2 38. Rxf5 Rxb3+ 39. axb3 Rxf5 40. c7 Rf8 41. Rd7 Qxf2 42. Rd8 Rxd8 43. cxd8Q+ Kh7 44. Qd4 e3 45. Qc7 Qg2 46. Qg3 1-0

[Event "Batatais"]
[Site "Batatais"]
[Date "2012.01.16"]
[Round "6"]
[White "Silva, Sergio"]
[Black "Schucman, Rebeca Lot"]
[Result "1-0"]
[WhiteElo "2100"]
[BlackElo "1569"]
[PlyCount "89"]
[EventDate "2012.01.13"]
[EventType "tourn"]
[EventRounds "9"]
[EventCountry "BRA"]
[SourceTitle "EXT 2014"]
[Source "ChessBase"]
[SourceDate "2013.11.20"]
[SourceVersion "1"]
[SourceVersionDate "2013.11.20"]
[SourceQuality "1"]

1. e4 c5 2. Nc3 e6 3. Nf3 a6 4. d4 cxd4 5. Nxd4 Qc7 6. g3 Nf6 7. Bg2 Bb4 8. Nde2 Nc6 9. 0-0 0-0 10. Bf4 e5 11. Bg5 Be7 12. a4 d6 13. Qd2 Be6 14. Rfd1 Rad8 15. a5 Rfe8 16. Nd5 Bxd5 17. exd5 Nb8 18. Be3 Nbd7 19. h3 Rc8 20. Rac1 h6 21. c4 Nc5 22. b4 Nb3 23. Qd3 Nxc1 24. Rxc1 Qd7 25. Kh2 Nh7 26. h4 Nf6 27. f3 Qa4 28. Bd2 Rf8 29. Bh3 Rc7 30. Qb1 Qe8 31. Be3 Nd7 32. Qd3 Qb8 33. Bb6 Nxb6 34. axb6 Rc6 35. dxc6 bxc6 36. c5 d5 37. Qxa6 Qa8 38. Qxa8 Rxa8 39. b7 Rb8 40. Bc8 Bd8 41. Nc3 Bc7 42. b5 d4 43. b6 Bxb6 44. cxb6 dxc3 45. Rxc3 1-0

[Event "Batatais"]
[Site "Batatais"]
[Date "2012.01.14"]
[Round "3"]
[White "Ribeiro de Souza, Mauricio"]
[Black "Silva, Sergio"]
[Result "1/2-1/2"]
[WhiteElo "1748"]
[BlackElo "2100"]
[PlyCount "33"]
[EventDate "2012.01.13"]
[EventType "tourn"]
[EventRounds "9"]
[EventCountry "BRA"]
[SourceTitle "EXT 2014"]
[Source "ChessBase"]
[SourceDate "2013.11.20"]
[SourceVersion "1"]
[SourceVersionDate "2013.11.20"]
[SourceQuality "1"]

1. d4 c5 2. e3 Nf6 3. Nf3 d5 4. c3 e6 5. Bd3 Nbd7 6. Nbd2 Bd6 7. Qe2 0-0 8. 0-0 Re8 9. e4 e5 10. dxe5 Nxe5 11. Nxe5 Bxe5 12. f4 Bc7 13. e5 Bg4 14. Qf2 c4 15. Qg3 cxd3 16. exf6 h5 17. h3 1/2-1/2

[Event "Batatais op 2nd"]
[Site "Batatais"]
[Date "2011.12.16"]
[Round "2"]
[White "Rodrigues, Joao Victor da Silv"]
[Black "Silva, Sergio"]
[Result "1/2-1/2"]
[WhiteElo "1761"]
[BlackElo "2097"]
[PlyCount "60"]
[EventDate "2011.12.16"]
[EventType "swiss"]
[EventRounds "6"]
[EventCountry "BRA"]
[SourceTitle "EXT 2013"]
[Source "ChessBase"]
[SourceDate "2012.11.22"]
[SourceVersion "1"]
[SourceVersionDate "2012.11.22"]
[SourceQuality "1"]

1. d4 c5 2. c3 d5 3. Nf3 Nf6 4. Bf4 Nc6 5. e3 Qb6 6. Qc1 Bf5 7. Nbd2 e6 8. dxc5 Bxc5 9. Nb3 Be7 10. Nbd4 Bg6 11. Nb5 Rc8 12. Nd6+ Bxd6 13. Bxd6 Nd4 14. exd4 Qxd6 15. Bb5+ Ke7 16. 0-0 a6 17. Be2 Rhd8 18. Qd1 Kf8 19. Bd3 Bh5 20. Be2 Kg8 21. Ne5 Bxe2 22. Qxe2 b5 23. Nd3 Nd7 24. a4 Qb6 25. axb5 axb5 26. Ra3 Ra8 27. Rfa1 Rxa3 28. Rxa3 Qc6 29. Qc2 Qc4 30. Ra7 g6 1/2-1/2

[Event "Batatais op 2nd"]
[Site "Batatais"]
[Date "2011.12.16"]
[Round "1"]
[White "Silva, Sergio"]
[Black "Bonvini, Alberto Tonhati"]
[Result "1-0"]
[WhiteElo "2097"]
[BlackElo "1840"]
[PlyCount "139"]
[EventDate "2011.12.16"]
[EventType "swiss"]
[EventRounds "6"]
[EventCountry "BRA"]
[SourceTitle "EXT 2013"]
[Source "ChessBase"]
[SourceDate "2012.11.22"]
[SourceVersion "1"]
[SourceVersionDate "2012.11.22"]
[SourceQuality "1"]

1. d4 Nf6 2. Bg5 d5 3. Nd2 Bf5 4. e3 e6 5. Ngf3 Be7 6. Be2 Nbd7 7. c4 Ne4 8. Bxe7 Qxe7 9. 0-0 Ndf6 10. Nxe4 Nxe4 11. Bd3 dxc4 12. Bxc4 Nd6 13. Be2 0-0 14. Rc1 c6 15. Qb3 Bg4 16. Rfe1 Rab8 17. Ne5 Bxe2 18. Rxe2 g6 19. Qa3 Rfe8 20. Rec2 Nf5 21. b4 a6 22. Qc3 f6 23. Nf3 Kg7 24. e4 Nh6 25. h3 Nf7 26. Rd1 Rbd8 27. Rcd2 Rc8 28. a3 Red8 29. Rd3 Rc7 30. h4 b6 31. e5 f5 32. Qc4 h6 33. Qxa6 b5 34. Rc1 Rdc8 35. Qb6 g5 36. Qc5 g4 37. Qxe7 Rxe7 38. Ne1 Rd7 39. f4 Nd8 40. Kf2 h5 41. Ke3 Kf7 42. Rdc3 Ke7 43. Nd3 Ra7 44. Rb3 Rca8 45. Rcc3 Kd7 46. Nc1 Kc7 47. Ne2 Kb6 48. Kd2 Rc7 49. Kc2 Ra4 50. Kb2 Raa7 51. Rc1 Rd7 52. Rbc3 Rd5 53. Kb3 Ra6 54. Ra1 Rd7 55. Rc2 Nb7 56. Rca2 Nd8 57. Kc3 Nb7 58. Nc1 Ra8 59. a4 Rdd8 60. axb5 Rxa2 61. Rxa2 cxb5 62. Nb3 Rc8+ 63. Nc5 Nxc5 64. dxc5+ Kc6 65. Ra6+ Kd5 66. Kd3 Rc6 67. Ra7 Rc8 68. Rd7+ Kc6 69. Rd6+ Kc7 70. Rxe6 1-0

[Event "Batatais op 1st"]
[Site "Batatais"]
[Date "2010.11.20"]
[Round "3"]
[White "Carneiro, Vitor Roberto Castr"]
[Black "Silva, Sergio"]
[Result "1/2-1/2"]
[WhiteElo "1954"]
[BlackElo "2081"]
[PlyCount "41"]
[EventDate "2010.11.19"]
[EventType "swiss"]
[EventRounds "6"]
[EventCountry "BRA"]
[SourceTitle "EXT 2012"]
[Source "ChessBase"]
[SourceDate "2011.11.24"]
[SourceVersion "1"]
[SourceVersionDate "2011.11.24"]
[SourceQuality "1"]

1. d4 c5 2. d5 Nf6 3. Nc3 g6 4. e4 d6 5. h3 Bg7 6. Nf3 0-0 7. Bd3 Na6 8. 0-0 Nc7 9. Re1 Rb8 10. a4 b6 11. Nb5 a6 12. Nxc7 Qxc7 13. Qe2 Qb7 14. c4 e6 15. Bd2 e5 16. b4 Qc7 17. bxc5 bxc5 18. Reb1 Bd7 19. a5 Rxb1+ 20. Rxb1 Rb8 21. Qd1 1/2-1/2

[Event "Batatais op 1st"]
[Site "Batatais"]
[Date "2010.11.20"]
[Round "4"]
[White "Silva, Sergio"]
[Black "Craveiro, Lucas Durigan"]
[Result "1-0"]
[WhiteElo "2081"]
[BlackElo "1744"]
[PlyCount "67"]
[EventDate "2010.11.19"]
[EventType "swiss"]
[EventRounds "6"]
[EventCountry "BRA"]
[SourceTitle "EXT 2012"]
[Source "ChessBase"]
[SourceDate "2011.11.24"]
[SourceVersion "1"]
[SourceVersionDate "2011.11.24"]
[SourceQuality "1"]

1. d4 Nf6 2. Nf3 g6 3. Bg5 Bg7 4. Nbd2 d6 5. c3 0-0 6. e4 h6 7. Bxf6 Bxf6 8. Bc4 e5 9. dxe5 dxe5 10. Qe2 Qe7 11. 0-0 Nd7 12. Rfd1 Nc5 13. Nf1 c6 14. Qc2 Bg4 15. Be2 Rfd8 16. Ne3 Bxf3 17. Bxf3 Bg5 18. Nc4 Qc7 19. b4 Nd7 20. g3 b5 21. Nd2 Nb6 22. Nb3 Be7 23. Be2 c5 24. bxc5 Bxc5 25. Rxd8+ Rxd8 26. Bxb5 Bb4 27. Rc1 Ba3 28. Rb1 Bb4 29. c4 Qc8 30. c5 a6 31. Bf1 a5 32. Qc1 Na4 33. Qxh6 Nc3 34. Ra1 1-0

[Event "Sao Bernardo op"]
[Site "Sao Bernardo do Campo"]
[Date "2010.09.19"]
[Round "5"]
[White "Silva, Sergio"]
[Black "Rodrigues, Leonardo De Miranda"]
[Result "1-0"]
[WhiteElo "2077"]
[BlackElo "2020"]
[PlyCount "77"]
[EventDate "2010.09.17"]
[EventType "swiss"]
[EventRounds "6"]
[EventCountry "BRA"]
[SourceTitle "CBM 138 Extra"]
[Source "ChessBase"]
[SourceDate "2010.10.29"]
[SourceVersion "1"]
[SourceVersionDate "2010.10.29"]
[SourceQuality "1"]

1. d4 Nf6 2. Nf3 g6 3. Bg5 Ne4 4. Bf4 Bg7 5. Nbd2 d5 6. e3 c5 7. c3 0-0 8. Nxe4 dxe4 9. Nd2 cxd4 10. cxd4 Qa5 11. a3 Nc6 12. b4 Qf5 13. Bg3 e5 14. d5 Ne7 15. Bc4 Rd8 16. Qb3 b6 17. 0-0 Bb7 18. f3 exf3 19. e4 Qd7 20. Nxf3 b5 21. Be2 Qd6 22. Bf2 a6 23. Bc5 Qd7 24. Ng5 f6 25. d6+ Nd5 26. Nf3 Qe6 27. exd5 Bxd5 28. Qc2 Rac8 29. Qd2 e4 30. Nd4 Qe5 31. Rad1 f5 32. Nxf5 Bb3 33. Ne7+ Kh8 34. Nxc8 Bxd1 35. Rxd1 Rxc8 36. d7 Rd8 37. Bb6 e3 38. Qxe3 Qxe3+ 39. Bxe3 1-0

[Event "Sao Bernardo op"]
[Site "Sao Bernardo do Campo"]
[Date "2010.09.17"]
[Round "2"]
[White "Heinrichs, Vivian"]
[Black "Silva, Sergio"]
[Result "0-1"]
[WhiteElo "1889"]
[BlackElo "2077"]
[PlyCount "126"]
[EventDate "2010.09.17"]
[EventType "swiss"]
[EventRounds "6"]
[EventCountry "BRA"]
[SourceTitle "CBM 138 Extra"]
[Source "ChessBase"]
[SourceDate "2010.10.29"]
[SourceVersion "1"]
[SourceVersionDate "2010.10.29"]
[SourceQuality "1"]

1. e4 c5 2. Nc3 a6 3. f4 b5 4. Nf3 Bb7 5. d3 e6 6. g3 Nf6 7. Bg2 d5 8. e5 Nfd7 9. 0-0 Be7 10. Ne2 0-0 11. c3 Nc6 12. d4 b4 13. h3 a5 14. g4 f6 15. Ng3 Ba6 16. Re1 bxc3 17. bxc3 cxd4 18. exf6 Nxf6 19. Nxd4 Nxd4 20. cxd4 Bc8 21. Rb1 Qd6 22. Qb3 Qb4 23. Qxb4 Bxb4 24. Re3 Bd6 25. Reb3 Kf7 26. Ne2 Ba6 27. Nc3 Rfb8 28. Nb5 Bxb5 29. Rxb5 Bb4 30. Rxb8 Rxb8 31. a3 Bd6 32. Rxb8 Bxb8 33. Bd2 Bc7 34. Kf2 Ne8 35. f5 Bb6 36. fxe6+ Kxe6 37. Ke3 Nd6 38. Bc3 Nc4+ 39. Kd3 Nxa3 40. Bf3 Nc4 41. Bd1 g5 42. Bb3 Nd6 43. Bd2 Ne4 44. Be3 h6 45. Ba4 Bc7 46. Bb3 Bg3 47. Ke2 a4 48. Bc2 a3 49. Bc1 Bd6 50. Kf3 Nf6 51. Bf5+ Ke7 52. Bc2 Nd7 53. Bb3 Ke6 54. h4 Be7 55. hxg5 hxg5 56. Ke3 Nb8 57. Kd3 Nc6 58. Bd2 Bd6 59. Bxg5 a2 60. Bxa2 Nb4+ 61. Ke3 Nxa2 62. Bh4 Nb4 63. Be1 Nc2+ 0-1

[Event "Ribeirao Preto Mogiano 1st"]
[Site "Ribeirao Preto"]
[Date "2010.08.01"]
[Round "4.4"]
[White "Gimenez, Jayme Augusto"]
[Black "Silva, Sergio"]
[Result "1/2-1/2"]
[WhiteElo "2144"]
[BlackElo "2066"]
[PlyCount "52"]
[EventDate "2010.07.30"]
[EventType "tourn"]
[EventRounds "9"]
[EventCountry "BRA"]
[SourceTitle "EXT 2022"]
[Source "ChessBase"]
[SourceDate "2021.10.06"]
[SourceVersion "1"]
[SourceVersionDate "2021.10.06"]
[SourceQuality "1"]

1. c4 e5 2. g3 Nc6 3. Bg2 g6 4. Nc3 Bg7 5. Rb1 d6 6. e3 f5 7. Nge2 Nf6 8. d3 0-0 9. b4 Rb8 10. b5 Ne7 11. Qa4 Be6 12. Qxa7 Nd7 13. Qa4 Nc5 14. Qd1 e4 15. dxe4 Bxc4 16. 0-0 Bxc3 17. Nxc3 Bxf1 18. Qxf1 fxe4 19. Nxe4 Nxe4 20. Bxe4 d5 21. Bg2 Ra8 22. Qd3 Rxa2 23. Bb2 Qd6 24. Qd4 Rxb2 25. Rxb2 Rd8 26. Rd2 c6 1/2-1/2

[Event "Ribeirao Preto Mogiano 1st"]
[Site "Ribeirao Preto"]
[Date "2010.08.01"]
[Round "5.2"]
[White "Silva, Sergio"]
[Black "Name, Gabriel Ricardo"]
[Result "1/2-1/2"]
[WhiteElo "2066"]
[BlackElo "2142"]
[PlyCount "67"]
[EventDate "2010.07.30"]
[EventType "tourn"]
[EventRounds "9"]
[EventCountry "BRA"]
[SourceTitle "EXT 2022"]
[Source "ChessBase"]
[SourceDate "2021.10.06"]
[SourceVersion "1"]
[SourceVersionDate "2021.10.06"]
[SourceQuality "1"]

1. d4 d5 2. Nf3 Nf6 3. Bf4 e6 4. e3 Be7 5. Nbd2 b6 6. c3 0-0 7. Bd3 Bb7 8. Ne5 Ne4 9. Qc2 f5 10. Nxe4 fxe4 11. Be2 Qe8 12. 0-0 Nc6 13. Nxc6 Qxc6 14. f3 Bd6 15. Bxd6 Qxd6 16. fxe4 dxe4 17. Rxf8+ Rxf8 18. Rf1 e5 19. Bc4+ Kh8 20. Rxf8+ Qxf8 21. Qf2 Qxf2+ 22. Kxf2 exd4 23. cxd4 g5 24. Be6 Kg7 25. Kg3 Kf6 26. Bd7 c5 27. dxc5 bxc5 28. h4 h6 29. hxg5+ Kxg5 30. Be6 Bc6 31. a3 Kf6 32. Bc4 Ke5 33. Kh4 Be8 34. Kg4 1/2-1/2

[Event "Ribeirao Preto Canarinho 1st U2200"]
[Site "Ribeirao Preto"]
[Date "2010.05.29"]
[Round "4.1"]
[White "Silva, Sergio"]
[Black "Proudian, Armen"]
[Result "1/2-1/2"]
[WhiteElo "2078"]
[BlackElo "2024"]
[PlyCount "74"]
[EventDate "2010.05.28"]
[EventType "swiss"]
[EventRounds "6"]
[EventCountry "BRA"]
[SourceTitle "EXT 2022"]
[Source "ChessBase"]
[SourceDate "2021.10.06"]
[SourceVersion "1"]
[SourceVersionDate "2021.10.06"]
[SourceQuality "1"]

1. d4 Nf6 2. Nf3 g6 3. Bg5 Bg7 4. Nbd2 d6 5. c3 Nbd7 6. e4 e5 7. dxe5 dxe5 8. Qc2 Qe7 9. Be2 Nc5 10. Nc4 Ncxe4 11. Qxe4 Nxe4 12. Bxe7 Kxe7 13. Ncxe5 Re8 14. Nc4 Kf8 15. Nfd2 Bxc3 16. bxc3 Nxc3 17. Ne3 f5 18. g3 g5 19. Rc1 Nxe2 20. Kxe2 f4 21. gxf4 gxf4 22. Rxc7 Bg4+ 23. Nf3 fxe3 24. fxe3 Re7 25. Rxe7 Kxe7 26. Rg1 Rg8 27. Kf2 Be6 28. Rxg8 Bxg8 29. a3 Kd6 30. Ke2 Bc4+ 31. Kd2 Kd5 32. e4+ Kxe4 33. Ng5+ Kf5 34. Nxh7 Be6 35. h4 Kg4 36. Nf6+ Kxh4 37. Ne4 Kg4 1/2-1/2

[Event "Ribeirao Preto Canarinho 1st U2200"]
[Site "Ribeirao Preto"]
[Date "2010.05.29"]
[Round "3.5"]
[White "Silva, Sergio"]
[Black "Rothebarth, Ana Vitoria de Paul"]
[Result "1-0"]
[WhiteElo "2078"]
[BlackElo "2027"]
[PlyCount "69"]
[EventDate "2010.05.28"]
[EventType "swiss"]
[EventRounds "6"]
[EventCountry "BRA"]
[SourceTitle "EXT 2022"]
[Source "ChessBase"]
[SourceDate "2021.10.06"]
[SourceVersion "1"]
[SourceVersionDate "2021.10.06"]
[SourceQuality "1"]

1. d4 Nf6 2. Bg5 e6 3. Nd2 h6 4. Bf4 b6 5. e3 Bb7 6. Ngf3 d6 7. Bd3 Nbd7 8. Qe2 Be7 9. c3 Nh5 10. Bg3 Nxg3 11. hxg3 Nf6 12. e4 0-0 13. e5 dxe5 14. dxe5 Nd7 15. 0-0-0 Nc5 16. Bc2 Bg5 17. Kb1 Qe7 18. Nxg5 Qxg5 19. Rh5 Qe7 20. b4 Na6 21. f4 Rad8 22. Rxh6 gxh6 23. Qg4+ Kh8 24. Rh1 f5 25. Rxh6+ Qh7 26. Rxh7+ Kxh7 27. Qh5+ Kg7 28. Nf3 Bxf3 29. gxf3 c5 30. g4 cxb4 31. gxf5 exf5 32. Qg5+ Kh8 33. Qh6+ Kg8 34. Qg6+ Kh8 35. Bb3 1-0

[Event "Sindilegis op-B"]
[Site "Sindilegis"]
[Date "2009.10.25"]
[Round "?"]
[White "Dagobert, Dirk"]
[Black "Silva, Sergio"]
[Result "1/2-1/2"]
[WhiteElo "2213"]
[BlackElo "2077"]
[PlyCount "52"]
[EventDate "2009.10.23"]
[EventType "swiss"]
[EventRounds "6"]
[EventCountry "BRA"]
[SourceTitle "EXT 2012"]
[Source "ChessBase"]
[SourceDate "2011.11.24"]
[SourceVersion "1"]
[SourceVersionDate "2011.11.24"]
[SourceQuality "1"]

1. e4 g6 2. d4 Bg7 3. Nf3 c6 4. c3 d5 5. Nbd2 dxe4 6. Nxe4 Nd7 7. Bc4 Ngf6 8. Neg5 Nd5 9. 0-0 0-0 10. Re1 h6 11. Ne4 N7f6 12. Nxf6+ exf6 13. Bb3 Bg4 14. h3 Bxf3 15. Qxf3 f5 16. Bf4 Nxf4 17. Qxf4 Qd7 18. h4 Rfe8 19. Kf1 h5 20. Rad1 Rxe1+ 21. Rxe1 Bf8 22. Qe5 Qd6 23. f4 Rd8 24. g3 c5 25. dxc5 Qc6 26. Kg1 Bxc5+ 1/2-1/2